Năm hữu nghị Nhật - Việt : Đồng hành tiến tới chân trời mới

Nội dung sách giới thiệu về 40 năm quan hệ Nhật - Việt. Giới thiệu văn hóa Nhật Bản, người Nhật và xã hội Nhật, ẩm thực Nhật Bản, văn hóa truyền thống của Nhật Bản. Hợp tác kinh tế, văn hóa giữa Nhât - Việt....

全面介紹

Đã lưu trong:
書目詳細資料
企業作者: Ban tổ chức năm hữu nghị Nhật - Việt
格式: 圖書
語言:Undetermined
出版: Hà Nội Ban tổ chức năm hữu nghị Nhật - Việt 2013
主題:
標簽: 添加標簽
沒有標簽, 成為第一個標記此記錄!
Thư viện lưu trữ: Trung tâm Học liệu Trường Đại học Cần Thơ
LEADER 01158nam a2200217Ia 4500
001 CTU_228394
008 210402s9999 xx 000 0 und d
082 |a 327.520597 
082 |b B105 
110 |a Ban tổ chức năm hữu nghị Nhật - Việt 
245 0 |a Năm hữu nghị Nhật - Việt : 
245 0 |b Đồng hành tiến tới chân trời mới 
245 0 |c Ban tổ chức năm hữu nghị Nhật - Việt 
260 |a Hà Nội 
260 |b Ban tổ chức năm hữu nghị Nhật - Việt 
260 |c 2013 
520 |a Nội dung sách giới thiệu về 40 năm quan hệ Nhật - Việt. Giới thiệu văn hóa Nhật Bản, người Nhật và xã hội Nhật, ẩm thực Nhật Bản, văn hóa truyền thống của Nhật Bản. Hợp tác kinh tế, văn hóa giữa Nhât - Việt. 
650 |a Văn hóa và quan hệ quốc tế,International relations and culture 
650 |z Nhật Bản,Japan 
910 |b dqhieu 
980 |a Trung tâm Học liệu Trường Đại học Cần Thơ